000 00673nam a2200241Ia 4500
003 OSt
005 20220926013150.0
006 a|||||r|||| 00| 0
007 ta
008 220923b |||||||| |||| 00| 0 eng d
020 _a0060457414
037 _cGeneral Book
040 _aRTL
_cRTL
_beng
041 _2eng
_aeng
082 _aX:72, M6
100 _aSargent Thomas J.
_9125288
245 0 _aRational expectations and inflation
260 _aNew York
_bHarper and Row USA
_c1986
300 _axi, 212p. Bib chapterwise
_ccm.
650 _aMacroeconomics
_9186166
942 _hX:72, M6
_cGB
_2CC
999 _c625311
_d625311